000 00912pam a2200265 a 4500
999 _c329179
_d329179
001 15327240
003 Nust
005 20170426105533.0
008 080612r20081985nyu 000 1 eng
010 _a 2008274247
020 _a9780307389961 (pbk.)
040 _aDLC
_cDLC
_dDLC
043 _ae-uk-en
050 0 0 _aPR6023.E833
_bG66 2008
082 0 0 _a823.914 LES
_222
100 1 _aLessing, Doris,
_d1919-2013.
245 1 4 _aThe Good Terrorist
_cDoris Lessing.
250 _a1st Vintage International ed.
260 _aNew York :
_bVintage International,
_c2008.
300 _a375 p. ;
_c21 cm.
650 0 _aRadicals
_zEngland
_zLondon
_vFiction.
650 0 _aTerrorism
_vFiction.
651 0 _aLondon (England)
_vFiction.
906 _a7
_bcbc
_corigcop
_d2
_encip
_f20
_gy-gencatlg
942 _2ddc
_cBK